| 000 | 01210cab a2200313 4500 | ||
|---|---|---|---|
| 001 | WB3510-30 | ||
| 008 | 090401t1999 xxu||||| |||| 00| 0 eng d | ||
| 035 | _a(Sirsi) u91980 | ||
| 041 | _aeng | ||
| 245 | _aToxic dumps: official enquiry ordered | ||
| 260 | _c1999 | ||
| 350 | _a0 | ||
| 490 |
_aIndependent _v8 March 1999, 9(1) |
||
| 520 | _aThe DETR has commissioned a study into reports that mothers living within two miles of toxic waste dumps are much more likely than normal to have babies with birth defects. There are 270 such dumps in the UK and there are no rules to prevent them being sited near houses. The study will also look at the incidence of cancer near landfill sites, and will be carried out by the Small Area Health Statistics Unit at Imperial College. | ||
| 650 | _aBIRTH DEFECTS | ||
| 650 | _aCANCER | ||
| 650 | _aDETR | ||
| 650 | _aHEALTH HAZARDS | ||
| 650 | _aIMPERIAL COLLEGE | ||
| 650 | _aLANDFILL SITES | ||
| 650 | _aPROXIMITY | ||
| 650 |
_aRESIDENTIAL PROPERTY _96266 |
||
| 650 | _aSMALL AREA HEALTH STATISTICS UNIT | ||
| 650 | _aTOXIC DUMPS | ||
| 650 | _aTOXIC WASTES | ||
| 690 | _aENVIRONMENTAL AND LAND CONSULTANCY | ||
| 942 | _n0 | ||
| 948 | _c11/03/1999 | ||
| 999 |
_c58324 _d58324 |
||